[Event "Landsturneringen 2014"]
[Site "Clarion Hotel & Congress Trondheim"]
[Date "2014.07.12"]
[Round "1"]
[White "Gausel, Einar J"]
[Black "Moen, Andreas G.R."]
[Result "1-0"]
[WhiteElo "2504"]
[BlackElo "2362"]
[PlyCount "55"]
[EventDate "2014.??.??"]

1. d4 Nf6 2. Nf3 d5 3. c4 dxc4 4. e3 e6 5. Bxc4 a6 6. Qe2 c5 7. dxc5 Bxc5 8.
O-O O-O 9. e4 b5 10. Bd3 Nc6 11. e5 Nb4 12. Rd1 Nxd3 13. Rxd3 Nd5 14. Ng5 f5
15. Nc3 Qe7 16. Nxd5 exd5 17. Nh3 Bb7 18. Bg5 Qc7 19. Rc1 Qb6 20. Nf4 d4 21.
Rh3 g6 22. Qc2 Rac8 23. Qb3+ Kh8 24. Qe6 Qxe6 25. Nxe6 Be7 26. Nxf8 Bxg5 27.
Rxc8 Bxc8 28. Nxh7
1-0

[Event "Landsturneringen 2014"]
[Site "Clarion Hotel & Congress Trondheim"]
[Date "2014.07.12"]
[Round "1"]
[White "Hole, Øystein"]
[Black "Elsness, Frode"]
[Result "1-0"]
[WhiteElo "2351"]
[BlackElo "2489"]
[PlyCount "149"]
[EventDate "2014.??.??"]

1. Nf3 Nf6 2. c4 c5 3. Nc3 b6 4. g3 Bb7 5. Bg2 g6 6. O-O Bg7 7. d4 cxd4 8. Qxd4
d6 9. Rd1 Nbd7 10. Be3 Rc8 11. Rac1 O-O 12. Qh4 a6 13. b3 Rc7 14. Bh6 Qb8 15.
Bxg7 Kxg7 16. Qd4 b5 17. Nd5 Bxd5 18. cxd5 Rfc8 19. Rxc7 Qxc7 20. g4 Kg8 21. g5
Nh5 22. Bh3 Qb7 23. Qe3 Re8 24. Qd2 h6 25. gxh6 Nhf6 26. Ng5 Rc8 27. Nxf7 Kxf7
28. Be6+ Ke8 29. Qg5 Nf8 30. Bxc8 Qxc8 31. Rc1 Qh3 32. Rc6 Kf7 33. Rxa6 N8h7
34. Qf4 g5 35. Qf3 Qxf3 36. exf3 Nxd5 37. a4 bxa4 38. bxa4 Nhf6 39. a5 Kg6 40.
Ra8 Kxh6 41. Rc8 Nb4 42. Rb8 Nfd5 43. Rb5 e6 44. Rb7 Kg6 45. Rd7 Kf6 46. Kg2
Ke5 47. Kg3 Na6 48. Rf7 Ndc7 49. f4+ gxf4+ 50. Rxf4 Nd5 51. Rf7 Nc5 52. h4 Ne4+
53. Kg2 Nef6 54. a6 Kf5 55. a7 Nb6 56. Rb7 Nfd5 57. Kg3 Na8 58. Rd7 Ndc7 59.
Rxd6 Nb5 60. Rd8 Nbc7 61. Rf8+ Kg6 62. Kf4 Kg7 63. Rc8 Kf6 64. h5 Nb6 65. Rf8+
Kg7 66. Rb8 Kf6 67. Kg4 Nba8 68. Rc8 e5 69. f3 Kg7 70. Kf5 Kh6 71. Kxe5 Kxh5
72. Kd6 Nb5+ 73. Kc5 Nac7 74. a8=Q Nxa8 75. Kxb5
1-0

[Event "Landsturneringen 2014"]
[Site "Clarion Hotel & Congress Trondheim"]
[Date "2014.07.12"]
[Round "1"]
[White "Urkedal, Frode Olav Olsen"]
[Black "Salomon, Johan"]
[Result "1-0"]
[WhiteElo "2487"]
[BlackElo "2346"]
[PlyCount "125"]
[EventDate "2014.??.??"]

1. d4 Nf6 2. c4 g6 3. Nc3 d5 4. Nf3 Bg7 5. Bg5 Ne4 6. Bf4 Nxc3 7. bxc3 dxc4 8.
Qa4+ Nd7 9. e3 c5 10. Bxc4 O-O 11. Be2 Nb6 12. Qa3 cxd4 13. cxd4 Be6 14. O-O
Bc4 15. Bxc4 Nxc4 16. Qc5 Nd6 17. Rfc1 a6 18. Qb4 Qd7 19. Ne5 Qe6 20. Nd3 b5
21. Nc5 Qf5 22. Nb3 e5 23. dxe5 Nc4 24. Nd4 Qe4 25. Nf3 Qf5 26. Nd4 Qe4 27. a4
Nxe5 28. Bxe5 Bxe5 29. axb5 axb5 30. Rxa8 Rxa8 31. Qxb5 Bxd4 32. Qc4 Rd8 33.
Rd1 Rd5 34. exd4 h5 35. Qd3 Qxd3 36. Rxd3 Kf8 37. Kf1 Ke7 38. Ke2 Rg5 39. g3 h4
40. Ke3 hxg3 41. hxg3 Ra5 42. Rb3 Ra2 43. f3 Ke6 44. g4 Ra1 45. Rb6+ Ke7 46.
Ke4 Ra5 47. d5 f6 48. Rb7+ Kd6 49. Rb6+ Ke7 50. g5 Ra4+ 51. Ke3 Ra3+ 52. Kf2
fxg5 53. Rxg6 Rd3 54. Rxg5 Kf6 55. Rh5 Kg6 56. Ke2 Rd4 57. Ke3 Rd1 58. Re5 Kf6
59. f4 Kg6 60. Ke4 Re1+ 61. Kd4 Rc1 62. d6 Kf6 63. Kd5
1-0

[Event "Landsturneringen 2014"]
[Site "Clarion Hotel & Congress Trondheim"]
[Date "2014.07.12"]
[Round "1"]
[White "Løvik, Lasse Østebø"]
[Black "Østenstad, Berge"]
[Result "1/2-1/2"]
[WhiteElo "2342"]
[BlackElo "2482"]
[PlyCount "47"]
[EventDate "2014.??.??"]

1. d4 Nf6 2. c4 e6 3. Nc3 Bb4 4. e3 O-O 5. Nge2 d5 6. a3 Bd6 7. Ng3 b6 8. cxd5
exd5 9. Bd3 Re8 10. b4 a6 11. O-O Nc6 12. Bb2 Ne7 13. e4 dxe4 14. Ncxe4 Ned5
15. Re1 Be6 16. Ng5 Qd7 17. Qc2 h6 18. Nxe6 Rxe6 19. Bf5 Rxe1+ 20. Rxe1 Qb5 21.
Bd3 Qd7 22. Bf5 Qb5 23. Bd3 Qd7 24. Bf5
1/2-1/2

[Event "Landsturneringen 2014"]
[Site "Clarion Hotel & Congress Trondheim"]
[Date "2014.07.12"]
[Round "1"]
[White "Djurhuus, Rune"]
[Black "Holm, Kristian Stuvik"]
[Result "1/2-1/2"]
[WhiteElo "2446"]
[BlackElo "2316"]
[PlyCount "56"]
[EventDate "2014.??.??"]

1. e4 c5 2. Nf3 e6 3. b3 Nc6 4. Bb2 a6 5. g3 d5 6. exd5 exd5 7. Qe2+ Qe7 8. Bg2
Qxe2+ 9. Kxe2 Bg4 10. h3 Bh5 11. g4 Bg6 12. d3 f6 13. Nh4 Bf7 14. c4 O-O-O 15.
cxd5 Bxd5 16. Bxd5 Rxd5 17. Nf3 Nge7 18. Nc3 Rd8 19. Rac1 Ng6 20. Rhd1 Nf4+ 21.
Ke3 Bd6 22. Ne4 Rhe8 23. Ng1 Kb8 24. Kf3 Ne6 25. Ne2 Be5 26. Bxe5+ Nxe5+ 27.
Ke3 Nc6 28. f4 b6
1/2-1/2

[Event "Landsturneringen 2014"]
[Site "Clarion Hotel & Congress Trondheim"]
[Date "2014.07.12"]
[Round "1"]
[White "Hobber, Anders"]
[Black "Lie, Espen"]
[Result "1/2-1/2"]
[WhiteElo "2315"]
[BlackElo "2437"]
[PlyCount "126"]
[EventDate "2014.??.??"]

1. d4 Nf6 2. Nf3 g6 3. c3 Bg7 4. Bg5 O-O 5. Nbd2 d6 6. e4 c5 7. dxc5 dxc5 8.
Be2 Nc6 9. O-O Qc7 10. Qc2 Rd8 11. Rfe1 h6 12. Bh4 Nh5 13. Bg3 Nxg3 14. hxg3
Be6 15. Bc4 Bxc4 16. Nxc4 b5 17. Ne3 e6 18. Rad1 c4 19. Rxd8+ Rxd8 20. Rd1 Bf8
21. Nd4 a6 22. Nxc6 Rxd1+ 23. Qxd1 Qxc6 24. Qd4 Bc5 25. Qd8+ Kg7 26. Ng4 e5 27.
Qh4 h5 28. Nxe5 Bxf2+ 29. Kxf2 Qc5+ 30. Ke2 Qxe5 31. Qf4 Qe6 32. Qe3 Qg4+ 33.
Qf3 Qe6 34. Qe3 f6 35. Qd4 Kh6 36. Qe3+ g5 37. Qf3 Kg6 38. Kf2 Qb6+ 39. Ke2 Qe6
40. Qe3 Qg4+ 41. Qf3 Qd7 42. Qe3 Qd6 43. Qf3 Qc5 44. g4 hxg4 45. Qxg4 Qe5 46.
Kf3 Qd6 47. Qf5+ Kg7 48. Kf2 Qd2+ 49. Kg3 Qd3+ 50. Qf3 Qd6+ 51. Kg4 Qh2 52. g3
Qd2 53. Qf5 Qd1+ 54. Kh3 Qh5+ 55. Kg2 Qe2+ 56. Kh3 Qh5+ 57. Kg2 Qd1 58. Kh3 Qe2
59. Qd7+ Kh6 60. Qf5 Qh5+ 61. Kg2 Qe2+ 62. Kh3 Qh5+ 63. Kg2 Qe2+
1/2-1/2

[Event "Landsturneringen 2014"]
[Site "Clarion Hotel & Congress Trondheim"]
[Date "2014.07.12"]
[Round "1"]
[White "Tari, Aryan"]
[Black "Hauge, Lars Oskar"]
[Result "1/2-1/2"]
[WhiteElo "2412"]
[BlackElo "2313"]
[PlyCount "51"]
[EventDate "2014.??.??"]

1. c4 e5 2. Nc3 Nf6 3. Nf3 Nc6 4. g3 d5 5. cxd5 Nxd5 6. Bg2 Nb6 7. Rb1 a5 8.
O-O Be7 9. d3 O-O 10. Be3 Be6 11. d4 exd4 12. Nxd4 Nxd4 13. Bxd4 c6 14. f4 Nd5
15. f5 Nxc3 16. bxc3 Bxa2 17. Rxb7 c5 18. Bxg7 Qxd1 19. Rxd1 Kxg7 20. Rxe7 Ra6
21. Ra1 Bb3 22. Re5 Rd8 23. Rxc5 a4 24. Ra3 Rd2 25. Bf3 Ra2 26. Rxa2
1/2-1/2

[Event "Landsturneringen 2014"]
[Site "Clarion Hotel & Congress Trondheim"]
[Date "2014.07.12"]
[Round "1"]
[White "Fossan, Petter"]
[Black "Getz, Nicolai"]
[Result "0-1"]
[WhiteElo "2257"]
[BlackElo "2380"]
[PlyCount "108"]
[EventDate "2014.??.??"]

1. e4 e5 2. Nf3 Nc6 3. Bc4 Bc5 4. c3 Nf6 5. d4 exd4 6. cxd4 Bb4+ 7. Nbd2 d5 8.
exd5 Nxd5 9. O-O O-O 10. a3 Be7 11. Re1 Be6 12. Ba2 Qd7 13. h3 Rad8 14. Nc4
Rfe8 15. Bd2 Bf6 16. Nce5 Nxe5 17. dxe5 Be7 18. Nd4 c6 19. Ba5 b6 20. Bd2 Nc7
21. Nxe6 Nxe6 22. Be3 Qc7 23. Qh5 Bf8 24. f4 g6 25. Qg4 Nd4 26. Bxd4 Rxd4 27.
e6 Kg7 28. exf7 Rxe1+ 29. Rxe1 Rxf4 30. Qd1 c5 31. Rf1 c4 32. b4 b5 33. Bb1
Qxf7 34. Be4 Rxf1+ 35. Qxf1 Qe6 36. Qf3 Bd6 37. Kf2 Qe5 38. Bc6 Be7 39. Qe3
Bh4+ 40. Ke2 Qb2+ 41. Kd1 a6 42. g3 Bf6 43. h4 h5 44. Be4 Qe5 45. Ke2 Qd6 46.
Kf3 Bd4 47. Qg5 Bb2 48. Qe3 Qf6+ 49. Ke2 Bd4 50. Qf3 Qe7 51. Kd2 Be5 52. Ke2
Bxg3 53. Ke3 Bxh4 54. Kd4 Bf6+
0-1

[Event "Landsturneringen 2014"]
[Site "Clarion Hotel & Congress Trondheim"]
[Date "2014.07.12"]
[Round "1"]
[White "Grønn, Atle"]
[Black "Mihajlov, Sebastian"]
[Result "0-1"]
[WhiteElo "2368"]
[BlackElo "2227"]
[PlyCount "48"]
[EventDate "2014.??.??"]

1. c4 c6 2. Nf3 Nf6 3. g3 g6 4. Bg2 Bg7 5. O-O O-O 6. b3 Ne4 7. d4 d5 8. Bb2
Be6 9. Nbd2 Nxd2 10. Qxd2 dxc4 11. Ng5 Bh6 12. f4 cxb3 13. Nxe6 fxe6 14. axb3
Na6 15. Bxc6 bxc6 16. Rxa6 Qd5 17. Qc3 Rfb8 18. Rf3 Bg7 19. Qxc6 Rb6 20. Rxb6
axb6 21. Qc3 Ra2 22. Rd3 Qe4 23. Qc2 Bxd4+ 24. e3 Rxb2
0-1

[Event "Landsturneringen 2014"]
[Site "Clarion Hotel & Congress Trondheim"]
[Date "2014.07.12"]
[Round "1"]
[White "Mikalsen, Erlend"]
[Black "Fossan, Erik"]
[Result "1/2-1/2"]
[WhiteElo "2128"]
[BlackElo "2362"]
[PlyCount "28"]
[EventDate "2014.??.??"]

1. e4 d5 2. exd5 Nf6 3. d4 Bg4 4. Be2 Bxe2 5. Qxe2 Qxd5 6. Nf3 e6 7. O-O Bd6 8.
Re1 O-O 9. Nc3 Qa5 10. Nb5 Bb4 11. c3 Be7 12. Bf4 Na6 13. c4 c6 14. Nd6 Bxd6
1/2-1/2

[Event "Landsturneringen 2014"]
[Site "Clarion Hotel & Congress Trondheim"]
[Date "2014.07.13"]
[Round "2"]
[White "Getz, Nicolai"]
[Black "Gausel, Einar J"]
[Result "1/2-1/2"]
[WhiteElo "2380"]
[BlackElo "2504"]
[PlyCount "99"]
[EventDate "2014.??.??"]

1. Nf3 d5 2. g3 c6 3. Bg2 Bf5 4. O-O e6 5. d3 Nf6 6. c4 dxc4 7. dxc4 Qxd1 8.
Rxd1 Nbd7 9. Nc3 Bc2 10. Rd2 Bg6 11. Nh4 Bh5 12. b3 Bb4 13. Bb2 Nc5 14. Rc2 a5
15. Rb1 Ncd7 16. Ne4 Be7 17. Nxf6+ Nxf6 18. e4 O-O 19. e5 Nd7 20. Bf3 Bxf3 21.
Nxf3 Rfd8 22. Rd1 Kf8 23. Kf1 Ke8 24. Ke2 a4 25. Bd4 axb3 26. axb3 Ra3 27. Rd3
Rda8 28. Nd2 Ra2 29. Rxa2 Rxa2 30. f4 Bb4 31. Bc3 Bxc3 32. Rxc3 Nc5 33. Kd1 Ke7
34. h4 h5 35. Rc2 Ra1+ 36. Ke2 Ra3 37. Rc3 f6 38. exf6+ gxf6 39. Kf3 Ra2 40.
Ne4 Nxe4 41. Kxe4 c5 42. f5 Rd2 43. fxe6 Kxe6 44. Ke3 Rd4 45. Rc1 Ke5 46. Ra1
Rg4 47. Kf3 Rd4 48. Ke3 Rg4 49. Kf3 Rd4 50. Ke3
1/2-1/2

[Event "Landsturneringen 2014"]
[Site "Clarion Hotel & Congress Trondheim"]
[Date "2014.07.13"]
[Round "2"]
[White "Elsness, Frode"]
[Black "Mikalsen, Erlend"]
[Result "1/2-1/2"]
[WhiteElo "2489"]
[BlackElo "2128"]
[PlyCount "35"]
[EventDate "2014.??.??"]

1. d4 Nf6 2. c4 e6 3. Nf3 b6 4. g3 Ba6 5. Nbd2 d5 6. Bg2 Be7 7. O-O O-O 8. b3
c5 9. Ne5 cxd4 10. Bb2 Qc7 11. Bxd4 Nbd7 12. Ndf3 dxc4 13. Nxc4 Bxc4 14. Rc1
Bxb3 15. Rxc7 Bxd1 16. Rxd1 Rfd8 17. Rb7 Bc5 18. Bxf6
1/2-1/2

[Event "Landsturneringen 2014"]
[Site "Clarion Hotel & Congress Trondheim"]
[Date "2014.07.13"]
[Round "2"]
[White "Mihajlov, Sebastian"]
[Black "Urkedal, Frode Olav Olsen"]
[Result "0-1"]
[WhiteElo "2227"]
[BlackElo "2487"]
[PlyCount "64"]
[EventDate "2014.??.??"]

1. d4 Nf6 2. c4 e6 3. Nc3 Bb4 4. f3 c5 5. d5 b5 6. e4 O-O 7. e5 Ne8 8. f4 exd5
9. cxd5 d6 10. Nf3 Nc7 11. Bd3 c4 12. Be4 f5 13. exf6 Qxf6 14. O-O Nba6 15. Be3
Nc5 16. Bc2 Bf5 17. Bxf5 Qxf5 18. Nd4 Qd7 19. Qf3 Rae8 20. f5 Bxc3 21. bxc3 Re5
22. Bf4 Rxd5 23. g4 Qf7 24. Rae1 Nd3 25. Re3 Rxd4 26. cxd4 Nxf4 27. Qxf4 Nd5
28. Qf3 Nxe3 29. Qxe3 Re8 30. Qf4 Qd5 31. Rd1 Re2 32. Qg3 c3
0-1

[Event "Landsturneringen 2014"]
[Site "Clarion Hotel & Congress Trondheim"]
[Date "2014.07.13"]
[Round "2"]
[White "Østenstad, Berge"]
[Black "Hole, Øystein"]
[Result "1/2-1/2"]
[WhiteElo "2482"]
[BlackElo "2351"]
[PlyCount "63"]
[EventDate "2014.??.??"]

1. c4 c6 2. e4 d5 3. cxd5 cxd5 4. exd5 Nf6 5. Nc3 Nxd5 6. Nf3 e6 7. d4 Bb4 8.
Qc2 Nc6 9. Be2 O-O 10. O-O Nce7 11. Bd3 h6 12. a3 Ba5 13. Ne4 Bc7 14. Ne5 b6
15. Rd1 Bb7 16. Qa4 Nf5 17. Bd2 a6 18. Nf3 Nf4 19. Bxf4 Bxf4 20. d5 Bxd5 21.
Ng3 Nxg3 22. Qxf4 Nh5 23. Qe5 Nf6 24. Rac1 Qd7 25. Rc7 Qa4 26. Rdc1 Rad8 27.
Be2 a5 28. h3 Qe4 29. Bb5 Qg6 30. Be2 Qe4 31. Bb5 Qg6 32. Be2
1/2-1/2

[Event "Landsturneringen 2014"]
[Site "Clarion Hotel & Congress Trondheim"]
[Date "2014.07.13"]
[Round "2"]
[White "Hauge, Lars Oskar"]
[Black "Djurhuus, Rune"]
[Result "1/2-1/2"]
[WhiteElo "2313"]
[BlackElo "2446"]
[PlyCount "145"]
[EventDate "2014.??.??"]

1. c4 g6 2. Nc3 Bg7 3. g3 f5 4. Bg2 Nf6 5. d3 O-O 6. e4 e5 7. Nge2 d6 8. O-O
Nc6 9. Nd5 Ne7 10. b4 c6 11. Nxf6+ Bxf6 12. Nc3 Be6 13. Qe2 Qd7 14. Bb2 Rae8
15. exf5 gxf5 16. b5 Ng6 17. bxc6 bxc6 18. Qc2 Rf7 19. Qa4 Rc8 20. Rfe1 Rg7 21.
Kh1 h5 22. Ne2 h4 23. f4 hxg3 24. hxg3 Rh7+ 25. Kg1 Qg7 26. Nd4 Bd7 27. fxe5
Nxe5 28. Ne2 Nxd3 29. Bxf6 Qxf6 30. Red1 Nb2 31. Qa3 Nxd1 32. Rxd1 Qe5 33. Nf4
Re8 34. Qxa7 Qe3+ 35. Qxe3 Rxe3 36. Rxd6 Rxg3 37. Kf2 Rg4 38. Kf3 Be8 39. c5
Ra7 40. Bh3 Ra3+ 41. Nd3 Rc4 42. Bxf5 Rxc5 43. Kf4 Rb5 44. Be6+ Kf8 45. Bb3
Raa5 46. Rf6+ Ke7 47. Re6+ Kd8 48. Ne5 Rc5 49. Rd6+ Kc7 50. Re6 Ra8 51. Re7+
Kd8 52. Re6 Ra7 53. Rd6+ Kc7 54. Rh6 Rb7 55. Rh7+ Kb8 56. Rh8 Rxb3 57. axb3 Rb5
58. Rxe8+ Kc7 59. Re6 Rxb3 60. Rxc6+ Kb7 61. Rc4 Rh3 62. Kf5 Kb6 63. Ke6 Kb5
64. Rc8 Kb4 65. Kd5 Rh5 66. Rc4+ Kb3 67. Re4 Kc3 68. Kc5 Rh8 69. Re3+ Kd2 70.
Nc4+ Kc2 71. Re6 Rc8+ 72. Rc6 Rxc6+ 73. Kxc6
1/2-1/2

[Event "Landsturneringen 2014"]
[Site "Clarion Hotel & Congress Trondheim"]
[Date "2014.07.13"]
[Round "2"]
[White "Lie, Espen"]
[Black "Løvik, Lasse Østebø"]
[Result "1-0"]
[WhiteElo "2437"]
[BlackElo "2342"]
[PlyCount "89"]
[EventDate "2014.??.??"]

1. Nf3 Nf6 2. g3 b6 3. Bg2 Bb7 4. O-O g6 5. d3 Bg7 6. e4 d6 7. Nc3 O-O 8. Re1
c5 9. Nh4 Nc6 10. f4 e6 11. Ne2 d5 12. e5 Nd7 13. Nf3 Rc8 14. c4 d4 15. Ng5 Ba8
16. g4 h6 17. Ne4 Qh4 18. N2g3 Ndxe5 19. fxe5 Nxe5 20. g5 Ng4 21. Nf1 f5 22.
gxf6 Bxf6 23. h3 h5 24. Bf4 Bxe4 25. Bg3 Bxg2 26. Bxh4 Bxh4 27. Kxg2 Rxf1 28.
Kxf1 Rf8+ 29. Kg1 Nf2 30. Qe2 Nxh3+ 31. Kh2 Nf4 32. Qe4 Bxe1 33. Rxe1 Kg7 34.
Qe5+ Kh6 35. Rg1 Kh7 36. Rf1 Nxd3 37. Qc7+ Kg8 38. Rxf8+ Kxf8 39. Qb8+ Kg7 40.
Qxa7+ Kh6 41. Qxb6 e5 42. Qe6 Nf2 43. Kg3 Ng4 44. Kh4 d3 45. Qg8
1-0

[Event "Landsturneringen 2014"]
[Site "Clarion Hotel & Congress Trondheim"]
[Date "2014.07.13"]
[Round "2"]
[White "Holm, Kristian Stuvik"]
[Black "Tari, Aryan"]
[Result "1/2-1/2"]
[WhiteElo "2316"]
[BlackElo "2412"]
[PlyCount "36"]
[EventDate "2014.??.??"]

1. c4 e5 2. Nc3 Nf6 3. Nf3 Nc6 4. g3 Nd4 5. Bg2 Nxf3+ 6. Bxf3 Bb4 7. Qb3 Bc5 8.
O-O O-O 9. Na4 Be7 10. Rd1 d6 11. d4 Qe8 12. Nc3 c6 13. dxe5 dxe5 14. Bg5 Ng4
15. Bd2 Nf6 16. Bg5 h6 17. Bxf6 Bxf6 18. Ne4 Bd8
1/2-1/2

[Event "Landsturneringen 2014"]
[Site "Clarion Hotel & Congress Trondheim"]
[Date "2014.07.13"]
[Round "2"]
[White "Salomon, Johan"]
[Black "Grønn, Atle"]
[Result "1-0"]
[WhiteElo "2346"]
[BlackElo "2368"]
[PlyCount "113"]
[EventDate "2014.??.??"]

1. e4 d5 2. exd5 Qxd5 3. Nf3 Nf6 4. d4 c6 5. Be2 Bf5 6. O-O Nbd7 7. c4 Qa5 8.
Nc3 e6 9. a3 Bd6 10. Be3 Ne4 11. Nxe4 Bxe4 12. Nd2 Bg6 13. b4 Qf5 14. Rc1 h5
15. Bf3 h4 16. b5 Bh5 17. bxc6 bxc6 18. Bxh5 Rxh5 19. Qa4 Rc8 20. Qxa7 h3 21.
g3 Qa5 22. Qxa5 Rxa5 23. c5 Bc7 24. Nc4 Ra4 25. Rfd1 Rb8 26. Rd3 Nf6 27. f3 Nd5
28. Bd2 Ke7 29. Kf2 f6 30. Be1 f5 31. Bd2 Kf6 32. Ne3 Rb2 33. Nxd5+ exd5 34.
Re1 Ba5 35. Re2 Rxd2 36. Rexd2 Bxd2 37. Rxd2 Rxa3 38. Rb2 Rd3 39. Rb6 Rd2+ 40.
Ke3 Rxh2 41. Rxc6+ Kf7 42. Rc8 g5 43. Rh8 Kg7 44. Rh5 Kg6 45. Rh8 Kg7 46. Rh5
Kg6 47. g4 f4+ 48. Kd3 Rh1 49. Kc2 h2 50. Kb2 Rd1 51. Rxh2 Rxd4 52. Rc2 Kf6 53.
c6 Rb4+ 54. Kc1 Rb8 55. c7 Rc8 56. Kd2 Ke5 57. Kd3
1-0

[Event "Landsturneringen 2014"]
[Site "Clarion Hotel & Congress Trondheim"]
[Date "2014.07.13"]
[Round "2"]
[White "Fossan, Erik"]
[Black "Hobber, Anders"]
[Result "1/2-1/2"]
[WhiteElo "2362"]
[BlackElo "2315"]
[PlyCount "62"]
[EventDate "2014.??.??"]

1. e4 e6 2. d4 d5 3. Nd2 Nf6 4. e5 Nfd7 5. c3 c5 6. Bd3 Nc6 7. Ne2 cxd4 8. cxd4
f6 9. Nf4 Nxd4 10. Qh5+ Ke7 11. exf6+ Nxf6 12. Ng6+ hxg6 13. Qxh8 Kf7 14. O-O
e5 15. Nb3 Nxb3 16. axb3 Be6 17. Bg5 e4 18. Be2 Qb6 19. h4 Rc8 20. h5 Nxh5 21.
Bxh5 Bc5 22. Qh7 gxh5 23. Qxh5+ Kg8 24. Rac1 Rf8 25. Qh4 Rf7 26. Qg3 Bd6 27.
Qe3 Be5 28. Qxb6 axb6 29. Rfe1 Bxb2 30. Rc2 Be5 31. Be3 d4
1/2-1/2

[Event "Landsturneringen 2014"]
[Site "Clarion Hotel & Congress Trondheim"]
[Date "2014.07.13"]
[Round "2"]
[White "Moen, Andreas G.R."]
[Black "Fossan, Petter"]
[Result "1-0"]
[WhiteElo "2362"]
[BlackElo "2257"]
[PlyCount "70"]
[EventDate "2014.??.??"]

1. e4 c6 2. d4 d5 3. Nd2 dxe4 4. Nxe4 Bf5 5. Ng3 Bg6 6. Nh3 e6 7. Nf4 Bd6 8.
Ngh5 Kf8 9. Nxg6+ hxg6 10. Nf4 Nf6 11. c3 Nbd7 12. g3 Qa5 13. Bg2 Re8 14. O-O
Nb6 15. b4 Qf5 16. h4 Bxf4 17. Bxf4 Nfd5 18. Bd6+ Kg8 19. Qb3 Rd8 20. Bc5 Qd3
21. Rfc1 Nf6 22. c4 Qf5 23. b5 Ne4 24. Qe3 Nxc5 25. dxc5 Na4 26. bxc6 bxc6 27.
Qa3 Rd2 28. Rf1 Qc2 29. Bxc6 Nc3 30. Qxa7 Ne2+ 31. Kg2 Qxc4 32. Bf3 Kh7 33.
Qxf7 Qd3 34. h5 g5 35. h6 Qf5
1-0

[Event "Landsturneringen 2014"]
[Site "Clarion Hotel & Congress Trondheim"]
[Date "2014.07.14"]
[Round "3"]
[White "Urkedal, Frode Olav Olsen"]
[Black "Lie, Espen"]
[Result "1-0"]
[WhiteElo "2487"]
[BlackElo "2437"]
[PlyCount "79"]
[EventDate "2014.??.??"]

1. d4 d5 2. c4 e6 3. Nc3 c5 4. cxd5 exd5 5. Nf3 Nc6 6. dxc5 d4 7. Na4 Bxc5 8.
Nxc5 Qa5+ 9. Qd2 Qxc5 10. e3 dxe3 11. Qxe3+ Qxe3+ 12. Bxe3 Be6 13. Bb5 Nge7 14.
Nd4 Bd5 15. O-O O-O 16. Rfd1 Rfd8 17. Bf1 Rd7 18. Nb5 Nf5 19. Bf4 Rad8 20. f3
h6 21. Rd2 g5 22. Bc7 Rc8 23. Re1 Be6 24. Rxd7 Bxd7 25. Bd3 Ng7 26. Bd6 Be6 27.
Bb1 Rd8 28. Ba3 Ne8 29. Nc3 Nc7 30. b3 Nd5 31. Ne4 b6 32. Bb2 Nce7 33. g3 Kf8
34. Kf2 Bf5 35. Ba3 Kg7 36. Rd1 Rc8 37. Nd6 Nc3 38. Bb2 Kg6 39. Bxc3 Rxc3 40.
Nxf5
1-0

[Event "Landsturneringen 2014"]
[Site "Clarion Hotel & Congress Trondheim"]
[Date "2014.07.14"]
[Round "3"]
[White "Hole, Øystein"]
[Black "Getz, Nicolai"]
[Result "1-0"]
[WhiteElo "2351"]
[BlackElo "2380"]
[PlyCount "73"]
[EventDate "2014.??.??"]

1. Nf3 Nf6 2. c4 g6 3. Nc3 Bg7 4. e4 d6 5. d4 O-O 6. Be2 e5 7. O-O Nc6 8. d5
Ne7 9. b4 a5 10. bxa5 Rxa5 11. a4 b6 12. Bd2 Ra8 13. Qc2 c6 14. dxc6 Nxc6 15.
Rab1 Nd7 16. Nd5 Bb7 17. Bg5 f6 18. Be3 f5 19. Ng5 Nd4 20. Bxd4 Bxd5 21. cxd5
Qxg5 22. Bxb6 Rfc8 23. Qa2 fxe4 24. Be3 Qh4 25. Bb5 Nf6 26. h3 Bh6 27. Bc6 Bxe3
28. fxe3 Ra7 29. Qa3 Rd8 30. a5 Nh5 31. a6 Ng3 32. Rf2 Qh6 33. Rb7 Raa8 34. a7
Rf8 35. Rbb2 Qh5 36. Qa1 Rxa7 37. Rxf8+
1-0

[Event "Landsturneringen 2014"]
[Site "Clarion Hotel & Congress Trondheim"]
[Date "2014.07.14"]
[Round "3"]
[White "Gausel, Einar J"]
[Black "Fossan, Erik"]
[Result "1/2-1/2"]
[WhiteElo "2504"]
[BlackElo "2362"]
[PlyCount "86"]
[EventDate "2014.??.??"]

1. d4 Nf6 2. Nf3 c5 3. d5 b5 4. Bg5 d6 5. Bxf6 exf6 6. e4 a6 7. a4 b4 8. Bd3 g6
9. Nbd2 Bg7 10. Nc4 O-O 11. O-O Bb7 12. a5 Ra7 13. c3 bxc3 14. bxc3 f5 15. Ra3
Re8 16. Re1 fxe4 17. Bxe4 Ba8 18. Bc2 Rxe1+ 19. Nxe1 Re7 20. Nf3 Nd7 21. Ba4
Nf6 22. Nb6 Bb7 23. Bc2 Qc7 24. c4 h6 25. h3 Nh5 26. Qd2 Bc8 27. Re3 Bb7 28.
Ba4 Kf8 29. Qe1 Bf6 30. g3 Bc8 31. Kh2 Qd8 32. Bc6 Ng7 33. g4 h5 34. Kg3 Ne8
35. g5 Rxe3 36. Qxe3 Ng7 37. Kg2 Nf5 38. Qf4 Bc3 39. Qc1 Bxa5 40. Nxc8 Qxc8 41.
Qa1 Qd8 42. Qh8+ Ke7 43. Qf6+ Kf8
1/2-1/2

[Event "Landsturneringen 2014"]
[Site "Clarion Hotel & Congress Trondheim"]
[Date "2014.07.14"]
[Round "3"]
[White "Hobber, Anders"]
[Black "Østenstad, Berge"]
[Result "1/2-1/2"]
[WhiteElo "2315"]
[BlackElo "2482"]
[PlyCount "80"]
[EventDate "2014.??.??"]

1. d4 Nf6 2. Nf3 e6 3. Bf4 b6 4. e3 Bb7 5. h3 Be7 6. Bd3 c5 7. c3 O-O 8. O-O
cxd4 9. cxd4 Nc6 10. Nc3 Nb4 11. Be2 a6 12. Bh2 d5 13. a3 Nc6 14. Bd3 b5 15. b4
Qb6 16. Qb3 Rfc8 17. Rfc1 Ne8 18. Ne2 Nd6 19. Bxd6 Bxd6 20. Nc3 g6 21. Qb2 Bf8
22. Rab1 Rd8 23. h4 Rab8 24. Qe2 Rbc8 25. h5 Qc7 26. Qd2 Qe7 27. hxg6 hxg6 28.
Ne2 Bg7 29. Rc5 Nb8 30. Rbc1 Rxc5 31. Rxc5 Rc8 32. Rxc8+ Bxc8 33. Qc2 Qd8 34.
Nc1 Nd7 35. Nb3 Bb7 36. Nc5 Nxc5 37. Qxc5 Bf8 38. Qc2 Bg7 39. Qc5 Bf8 40. Qc2
Bg7
1/2-1/2

[Event "Landsturneringen 2014"]
[Site "Clarion Hotel & Congress Trondheim"]
[Date "2014.07.14"]
[Round "3"]
[White "Djurhuus, Rune"]
[Black "Salomon, Johan"]
[Result "1/2-1/2"]
[WhiteElo "2446"]
[BlackElo "2346"]
[PlyCount "45"]
[EventDate "2014.??.??"]

1. d4 Nf6 2. c4 e6 3. Nc3 Bb4 4. e3 b6 5. Nge2 Ba6 6. a3 Be7 7. Nf4 d5 8. cxd5
Bxf1 9. Kxf1 exd5 10. Qf3 c6 11. g4 O-O 12. h4 Re8 13. g5 Ne4 14. Nce2 Nd7 15.
Qg4 Nf8 16. f3 Nd6 17. Ng3 Qc8 18. Qxc8 Raxc8 19. Ke2 Ne6 20. Ngh5 Nxf4+ 21.
Nxf4 Nf5 22. Kd3 Rcd8 23. Bd2
1/2-1/2

[Event "Landsturneringen 2014"]
[Site "Clarion Hotel & Congress Trondheim"]
[Date "2014.07.14"]
[Round "3"]
[White "Tari, Aryan"]
[Black "Mihajlov, Sebastian"]
[Result "1/2-1/2"]
[WhiteElo "2412"]
[BlackElo "2227"]
[PlyCount "42"]
[EventDate "2014.??.??"]

1. c4 c6 2. e4 d5 3. cxd5 cxd5 4. exd5 Nf6 5. Qa4+ Nbd7 6. Nc3 g6 7. Nf3 Bg7 8.
Bc4 O-O 9. d3 a6 10. Qa3 b6 11. O-O Bb7 12. Bf4 Rc8 13. Rfe1 b5 14. Bb3 Nc5 15.
Rad1 Re8 16. Bg5 Nxb3 17. axb3 Nxd5 18. Nxd5 Qxd5 19. Bxe7 Qf5 20. Re3 Rc2 21.
d4 Bxf3
1/2-1/2

[Event "Landsturneringen 2014"]
[Site "Clarion Hotel & Congress Trondheim"]
[Date "2014.07.14"]
[Round "3"]
[White "Hauge, Lars Oskar"]
[Black "Moen, Andreas G.R."]
[Result "1-0"]
[WhiteElo "2313"]
[BlackElo "2362"]
[PlyCount "69"]
[EventDate "2014.??.??"]

1. d4 d5 2. Bf4 c5 3. e3 Nc6 4. c3 Qb6 5. Qb3 c4 6. Qc2 Bf5 7. Qxf5 Qxb2 8.
Qxd5 Qxa1 9. Qb5 O-O-O 10. Bxc4 e5 11. Ne2 exf4 12. O-O a6 13. Qf5+ Kb8 14. Qc2
fxe3 15. fxe3 f5 16. Nd2 Qxf1+ 17. Nxf1 g6 18. Nf4 Nf6 19. Be2 Bd6 20. Bf3 Rc8
21. Nd3 f4 22. Qb3 Rhe8 23. e4 Na5 24. Qf7 Rf8 25. Qe6 Bc7 26. e5 Rce8 27. Qh3
Nh5 28. Qd7 Bb6 29. Nd2 Rc8 30. Ne4 Rfd8 31. Qxh7 Rxc3 32. Nxc3 Bxd4+ 33. Kf1
Bxc3 34. Qxg6 Nc4 35. Bxh5
1-0